<?xml version="1.0" encoding="UTF-8"?>
<record
    xmlns:xsi="http://www.w3.org/2001/XMLSchema-instance"
    xsi:schemaLocation="http://www.loc.gov/MARC21/slim http://www.loc.gov/standards/marcxml/schema/MARC21slim.xsd"
    xmlns="http://www.loc.gov/MARC21/slim">

  <leader>01059pam a2200325 a 4500</leader>
  <datafield tag="999" ind1=" " ind2=" ">
    <subfield code="c">79522</subfield>
    <subfield code="d">316799</subfield>
  </datafield>
  <controlfield tag="001">24217806</controlfield>
  <controlfield tag="003">OCoLC</controlfield>
  <controlfield tag="005">20210306174206.0</controlfield>
  <controlfield tag="008">910724s2020    ii    b    001 0 eng  </controlfield>
  <datafield tag="010" ind1=" " ind2=" ">
    <subfield code="a">91026219</subfield>
  </datafield>
  <datafield tag="015" ind1=" " ind2=" ">
    <subfield code="a">GB92-35432</subfield>
  </datafield>
  <datafield tag="020" ind1=" " ind2=" ">
    <subfield code="a">9789353437855</subfield>
  </datafield>
  <datafield tag="040" ind1=" " ind2=" ">
    <subfield code="a">DLC</subfield>
    <subfield code="c">DLC</subfield>
    <subfield code="d">COU</subfield>
    <subfield code="d">UKM</subfield>
    <subfield code="d">CIN</subfield>
  </datafield>
  <datafield tag="050" ind1="0" ind2="0">
    <subfield code="a">QR41.2</subfield>
    <subfield code="b">.T67 1991</subfield>
  </datafield>
  <datafield tag="082" ind1="0" ind2="0">
    <subfield code="a">576</subfield>
    <subfield code="2">22</subfield>
    <subfield code="b">TGM</subfield>
  </datafield>
  <datafield tag="100" ind1="1" ind2=" ">
    <subfield code="a">Tortora, Gerard J</subfield>
    <subfield code="9">38025</subfield>
  </datafield>
  <datafield tag="245" ind1="1" ind2="0">
    <subfield code="a">Microbiology :</subfield>
    <subfield code="b">an introduction /</subfield>
    <subfield code="c">Gerard J. Tortora, Berdell R. Funke, Christine L. Case</subfield>
  </datafield>
  <datafield tag="250" ind1=" " ind2=" ">
    <subfield code="a">12h ed</subfield>
  </datafield>
  <datafield tag="260" ind1=" " ind2=" ">
    <subfield code="a">New Delhi  :</subfield>
    <subfield code="b">Pearson :</subfield>
    <subfield code="c">2020</subfield>
  </datafield>
  <datafield tag="300" ind1=" " ind2=" ">
    <subfield code="a">xxxiv, 955 p. :</subfield>
    <subfield code="b">ill. (some col.), col. maps ;</subfield>
    <subfield code="c">29 cm</subfield>
  </datafield>
  <datafield tag="490" ind1="1" ind2=" ">
    <subfield code="a">The Benjamin/Cummings series in the life sciences</subfield>
  </datafield>
  <datafield tag="504" ind1=" " ind2=" ">
    <subfield code="a">Includes bibliographical references and index</subfield>
  </datafield>
  <datafield tag="650" ind1=" " ind2="0">
    <subfield code="a">Microbiology</subfield>
    <subfield code="9">88719</subfield>
  </datafield>
  <datafield tag="650" ind1=" " ind2="2">
    <subfield code="a">Microbiology</subfield>
    <subfield code="9">88719</subfield>
  </datafield>
  <datafield tag="653" ind1="0" ind2=" ">
    <subfield code="a">Microbiology</subfield>
  </datafield>
  <datafield tag="700" ind1="1" ind2=" ">
    <subfield code="a">Funke, Berdell R</subfield>
    <subfield code="9">38026</subfield>
  </datafield>
  <datafield tag="700" ind1="1" ind2=" ">
    <subfield code="a">Case, Christine L.,</subfield>
    <subfield code="d">1948-</subfield>
    <subfield code="9">88720</subfield>
  </datafield>
  <datafield tag="830" ind1=" " ind2="0">
    <subfield code="a">Benjamin/Cummings series in the life sciences</subfield>
    <subfield code="9">88721</subfield>
  </datafield>
  <datafield tag="942" ind1=" " ind2=" ">
    <subfield code="2">ddc</subfield>
    <subfield code="c">BOOK</subfield>
  </datafield>
  <datafield tag="952" ind1=" " ind2=" ">
    <subfield code="1">0</subfield>
    <subfield code="2">2021-03-06</subfield>
    <subfield code="4">0</subfield>
    <subfield code="7">0</subfield>
    <subfield code="a">576 TGM</subfield>
    <subfield code="b">CL</subfield>
    <subfield code="d">2021-03-06</subfield>
    <subfield code="h">CL</subfield>
    <subfield code="i">00168006</subfield>
    <subfield code="m">CL</subfield>
    <subfield code="r">2021-03-06 00:00:00</subfield>
    <subfield code="t">BOOK</subfield>
    <subfield code="w">ddc</subfield>
    <subfield code="y">0</subfield>
  </datafield>
  <datafield tag="952" ind1=" " ind2=" ">
    <subfield code="1">0</subfield>
    <subfield code="2">2021-03-06</subfield>
    <subfield code="4">0</subfield>
    <subfield code="7">0</subfield>
    <subfield code="a">576 TGM</subfield>
    <subfield code="b">CL</subfield>
    <subfield code="d">2021-03-06</subfield>
    <subfield code="h">CL</subfield>
    <subfield code="i">00168007</subfield>
    <subfield code="m">CL</subfield>
    <subfield code="r">2021-03-06 00:00:00</subfield>
    <subfield code="t">BOOK</subfield>
    <subfield code="w">ddc</subfield>
    <subfield code="y">0</subfield>
  </datafield>
  <datafield tag="952" ind1=" " ind2=" ">
    <subfield code="1">0</subfield>
    <subfield code="2">2021-03-06</subfield>
    <subfield code="4">0</subfield>
    <subfield code="7">0</subfield>
    <subfield code="a">576 TGM</subfield>
    <subfield code="b">CL</subfield>
    <subfield code="d">2021-03-06</subfield>
    <subfield code="h">CL</subfield>
    <subfield code="i">00168008</subfield>
    <subfield code="m">CL</subfield>
    <subfield code="r">2021-03-06 00:00:00</subfield>
    <subfield code="t">BOOK</subfield>
    <subfield code="w">ddc</subfield>
    <subfield code="y">0</subfield>
  </datafield>
  <datafield tag="952" ind1=" " ind2=" ">
    <subfield code="1">0</subfield>
    <subfield code="2">2021-03-06</subfield>
    <subfield code="4">0</subfield>
    <subfield code="7">0</subfield>
    <subfield code="a">576 TGM</subfield>
    <subfield code="b">SZM</subfield>
    <subfield code="d">2021-03-06</subfield>
    <subfield code="h">CL</subfield>
    <subfield code="i">00168042</subfield>
    <subfield code="m">SZM</subfield>
    <subfield code="r">2021-03-06 00:00:00</subfield>
    <subfield code="t">BOOK</subfield>
    <subfield code="w">ddc</subfield>
    <subfield code="y">0</subfield>
  </datafield>
  <datafield tag="952" ind1=" " ind2=" ">
    <subfield code="1">0</subfield>
    <subfield code="2">2021-03-06</subfield>
    <subfield code="4">0</subfield>
    <subfield code="7">0</subfield>
    <subfield code="a">576 TGM</subfield>
    <subfield code="b">SZM</subfield>
    <subfield code="d">2021-03-06</subfield>
    <subfield code="h">CL</subfield>
    <subfield code="i">00168043</subfield>
    <subfield code="m">SZM</subfield>
    <subfield code="r">2021-03-06 00:00:00</subfield>
    <subfield code="t">BOOK</subfield>
    <subfield code="w">ddc</subfield>
    <subfield code="y">0</subfield>
  </datafield>
  <datafield tag="952" ind1=" " ind2=" ">
    <subfield code="1">0</subfield>
    <subfield code="2">2021-03-06</subfield>
    <subfield code="4">0</subfield>
    <subfield code="7">0</subfield>
    <subfield code="a">576 TGM</subfield>
    <subfield code="b">SHM</subfield>
    <subfield code="d">2021-03-06</subfield>
    <subfield code="h">EZF</subfield>
    <subfield code="i">00168044</subfield>
    <subfield code="m">EZF</subfield>
    <subfield code="r">2021-03-06 00:00:00</subfield>
    <subfield code="t">BOOK</subfield>
    <subfield code="w">ddc</subfield>
    <subfield code="y">0</subfield>
  </datafield>
  <datafield tag="952" ind1=" " ind2=" ">
    <subfield code="1">0</subfield>
    <subfield code="2">2021-03-06</subfield>
    <subfield code="4">0</subfield>
    <subfield code="7">0</subfield>
    <subfield code="a">576 TGM</subfield>
    <subfield code="b">SHM</subfield>
    <subfield code="d">2021-03-06</subfield>
    <subfield code="h">EZF</subfield>
    <subfield code="i">00168045</subfield>
    <subfield code="m">EZF</subfield>
    <subfield code="r">2021-03-06 00:00:00</subfield>
    <subfield code="t">BOOK</subfield>
    <subfield code="w">ddc</subfield>
    <subfield code="y">0</subfield>
  </datafield>
</record>
